La reforma monetaria de 1988 -o- Operación Mártires de Quilalí /
Caracterización de la Reforma Monetaria de 1988 en Nicaragua; esta reforma estaba compuesta por un conjunto de medidas con el objetivo de frenar la hiperinflación y recuperar la capacidad de conducción del Estado en la economía nacional. Los objetivos que se perseguían con ella eran: 1.- disminuir l...
Guardado en:
| Autor principal: | |
|---|---|
| Otros Autores: | , , , |
| Formato: | Texto |
| Materias: | |
| Etiquetas: |
Agregar Etiqueta
Sin Etiquetas, Sea el primero en etiquetar este registro!
|
MARC
| LEADER | 00000 a a2200000 04500 | ||
|---|---|---|---|
| 001 | 42016 | ||
| 003 | |||
| 040 | |||
| 100 | |a Zelaya, María Antonia | ||
| 245 | |a La reforma monetaria de 1988 -o- Operación Mártires de Quilalí / |c María Antonia Zelaya ; Jesús Eduardo Centeno ; Rosa Amelia Rodríguez ; Ricardo Guevara ; Javier Pasquier | ||
| 520 | |a Caracterización de la Reforma Monetaria de 1988 en Nicaragua; esta reforma estaba compuesta por un conjunto de medidas con el objetivo de frenar la hiperinflación y recuperar la capacidad de conducción del Estado en la economía nacional. Los objetivos que se perseguían con ella eran: 1.- disminuir la inflación; 2.- eliminar la distorsión de precios relativos; 3.- Estado con mayor dirección sobre los sectores económicos; 4.- proteger a los asalariados y al sector productivo; 5.- controlar el consumo básico y las tarifas y, 6.- reducir el déficit fiscal. Se presentan además, los elementos de la Reforma Monetaria: a. desmovilización y cambio de la unidad monetaria, b. paridad cambiaria y c. precios relativos. También se exponen los objetivos de las diferentes medidas complementarias de esta reforma, entre ellos tenemos: la compactación del aparato estatal, las políticas salarial, crediticia y fiscal, así como la condonación de los adeudos y, el control social. AR/JM. | ||
| 650 | |a RECESION ECONOMICA | ||
| 650 | |a POLITICA ECONOMICA | ||
| 650 | |a POLITICA DE AUSTERIDAD | ||
| 650 | |a POLITICA SALARIAL | ||
| 650 | |a REFORMA MONETARIA | ||
| 650 | |a POLITICA CREDITICIA | ||
| 650 | |a REFORMA ECONOMICA | ||
| 700 | |a Centeno, Jesús Eduardo | ||
| 700 | |a Rodríguez, Rosa Amelia | ||
| 700 | |a Guevara, Ricardo | ||
| 700 | |a Pasquier, Javier | ||
| 773 | |g Páginas 302-319. | ||
| 999 | |c 28111 |d 28111 | ||
